00669cam a2200205 a 4500001000800000005001700008008004100025020003400066040001800100082002000118100002000138245008400158260005000242300001900292650001900311650002200330942000600352952009200358999001300450350524020240208050109.0950404s1995 nyu b 001 0 eng  a0231104103 (hbk : alk. paper) aDLCcDLCdDLC00a306.7220bJEF.1 aWeeks, Jeffrey,10aInvented moralities :bsexual values in an age of uncertainty /cJeffrey Weeks. aNew York :bColumbia University Press,c1995. axiii, 209 p. ; 0aSexual ethics. 0aMulticulturalism. cL 001040708LaWERCLbWERCLd2024-02-08l0o306.7 JEF.p2527r2024-02-08w2024-02-08yL c339d339